Intersection Theory /

From the ancient origins of algebraic geometry in the solutions of polynomial equations, through the triumphs of algebraic geometry during the last two centuries, intersection theory has played a central role. The aim of this book is to develop the foundations of this theory, and to indicate the ran...

Full description

Bibliographic Details
Main Author: Fulton, William
Corporate Author: SpringerLink (Online service)
Format: eBook
Language:English
Published: New York, NY : Springer New York, 1998.
Edition:Second edition.
Subjects:
Online Access:Connect to the full text of this electronic book

MARC

Tag First Indicator Second Indicator Subfields
LEADER 00000cam a2200000Mi 4500
001 in00003561925
006 m o d
007 cr mnu---uuaaa
008 121227s1998 nyu o 000 0 eng
005 20260420212505.7
020 |a 9781461217008 (electronic bk.) 
020 |a 1461217008 (electronic bk.) 
020 |z 9780387985497 
020 |z 0387985492 
035 |a (OCoLC)853260464 
040 |a AU@  |b eng  |e pn  |c AU@  |d OCLCO  |d OCLCQ  |d GW5XE  |d OCLCQ  |d OCLCF  |d UtOrBLW 
049 |a TXAM 
050 4 |a QA564-609 
072 7 |a PBMW  |2 bicssc 
072 7 |a MAT012010  |2 bisacsh 
082 0 4 |a 516.35  |2 23 
100 1 |a Fulton, William. 
245 1 0 |a Intersection Theory /  |c by William Fulton. 
250 |a Second edition. 
264 1 |a New York, NY :  |b Springer New York,  |c 1998. 
300 |a 1 online resource (xiii, 470 pages) 
336 |a text  |b txt  |2 rdacontent 
337 |a computer  |b c  |2 rdamedia 
338 |a online resource  |b cr  |2 rdacarrier 
505 0 |a Rational Equivalence -- Divisors -- Vector Bundles -- Cones and Segre Classes -- Deformations to the Normal Cone -- Intersection Products -- Intersection Multiplicites -- Intersections on Non-singular Varieties -- Excess and Residual Intersections -- Families of Algebraic Cycles -- Dynamic Intersections -- Positivity -- Rationality -- Degeneracy Loci and Grassmannians -- Riemann-Roch for Non-singular Varieties -- Correspondences -- Bivariant Intersections Theory -- Riemann-Roch for Singular Varieties -- Algebraic: Homological and Numerical Equivalence -- Generalizations. 
520 |a From the ancient origins of algebraic geometry in the solutions of polynomial equations, through the triumphs of algebraic geometry during the last two centuries, intersection theory has played a central role. The aim of this book is to develop the foundations of this theory, and to indicate the range of classical and modern applications. Although a comprehensive history of this vast subject is not attempted, the author points out some of the striking early appearances of the ideas of intersection theory. A suggested prerequisite for the reading of this book is a first course in algebraic geometry. Fulton's introduction to intersection theory has been well used for more than 10 years. It is still the only existing complete modern treatise of the subject and received the Steele Prize for best exposition in August 1996. 
500 |a Electronic resource. 
650 0 |a Mathematics. 
650 0 |a Geometry, Algebraic. 
650 7 |a Geometry, Algebraic.  |2 fast  |0 (OCoLC)fst00940902 
650 7 |a Mathematics.  |2 fast  |0 (OCoLC)fst01012163 
655 7 |a Electronic books.  |2 local 
710 2 |a SpringerLink (Online service) 
776 1 8 |i Print version:  |z 9780387985497 
856 4 0 |u http://proxy.library.tamu.edu/login?url=https://link.springer.com/10.1007/978-1-4612-1700-8  |z Connect to the full text of this electronic book  |t 0 
994 |a 92  |b TXA 
999 |a MARS 
999 f f |s da40f27d-e6f3-3b06-b471-2462868c5e1a  |i 5985dc4f-207c-37b4-adf0-0a42d0579ab5  |t 0 
952 f f |a Texas A&M University  |b College Station  |c Electronic Resources  |s www_evans  |d Available Online  |t 0  |e QA564-609  |h Library of Congress classification 
998 f f |a QA564-609  |t 0  |l Available Online